Between capitalism and socialism (Record no. 96566)

MARC details
000 -LEADER
campo de control de longitud fija 00815nam a2200301Mi 4500
001 - NÚMERO DE CONTROL
campo de control 87415
005 - FECHA Y HORA DE LA ÚLTIMA TRANSACCIÓN
campo de control 20230410143139.0
006 - CÓDIGOS DE INFORMACIÓN DE LONGITUD FIJA--CARACTERÍSTICAS DEL MATERIAL ADICIONAL
campo de control de longitud fija a r 000 0
008 - DATOS DE LONGITUD FIJA--INFORMACIÓN GENERAL
campo de control de longitud fija 100210s1970 nyu 000 0 eng d
035 ## - NÚMERO DE CONTROL DEL SISTEMA
Número de control de sistema (OCoLC)ocn603308275
040 ## - FUENTE DE CATALOGACIÓN
Centro catalogador/agencia de origen GyFmHBV
Lengua de catalogación ger
Centro/agencia transcriptor HEBIS
029 0# - OTRO NÚMERO DE CONTROL DE SISTEMA (OCLC)
Identificador de la biblioteca OCLC HEBIS
Número de control de sistema 220533016
032 ## - NÚMERO DE REGISTRO POSTAL
Número de registro postal 220533016
035 ## - NÚMERO DE CONTROL DEL SISTEMA
Número de control de sistema (OCoLC)603308275
049 ## - FONDOS LOCALES (OCLC)
Biblioteca depositaria GRAL
050 14 - SIGNATURA TOPOGRÁFICA DE LA BIBLIOTECA DEL CONGRESO
Número de clasificación bH466b 1970
100 1# - ENTRADA PRINCIPAL--NOMBRE DE PERSONA
Nombre de persona Heilbroner, Robert L.
Relación aut
245 00 - MENCIÓN DEL TÍTULO
Título Between capitalism and socialism
Mención de responsabilidad, etc. by Robert L. Heilbroner.
260 ## - PUBLICACIÓN, DISTRIBUCIÓN, ETC.
Lugar de publicación, distribución, etc. New York
Nombre del editor, distribuidor, etc. Vintage Books
Fecha de publicación, distribución, etc. 1970.
300 ## - DESCRIPCIÓN FÍSICA
Extensión XVIII, 294 S.
490 1# - MENCIÓN DE SERIE
Mención de serie A @Vintage book
Designación de volumen o secuencia 635
490 1# - MENCIÓN DE SERIE
Mención de serie A Vintage book
Designación de volumen o secuencia 635
830 #2 - PUNTO DE ACCESO ADICIONAL DE SERIE-TÍTULO UNIFORME
Título uniforme A @Vintage book ;
Designación de volumen o secuencia 635.
830 #2 - PUNTO DE ACCESO ADICIONAL DE SERIE-TÍTULO UNIFORME
Título uniforme A Vintage book ;
Designación de volumen o secuencia 635.
942 ## - ELEMENTOS DE ENTRADA SECUNDARIOS (KOHA)
Fuente del sistema de clasificación o colocación Clasificación de Library of Congress
Tipo de ítem Koha
994 ## -
-- C0
-- DRFGD
946 ## - PROCESAMIENTO DE INFORMACIÓN LOCAL (OCLC)
a cc
Holdings
Estatus retirado Estado de pérdida Fuente del sistema de clasificación o colocación Estado de daño No para préstamo Colección Biblioteca de origen Biblioteca actual Ubicación en estantería Fecha de adquisición Signatura topográfica completa Código de barras Visto por última vez Copia número Tipo de ítem Koha
    Clasificación de Library of Congress     Automatización y Procesos Técnicos Biblioteca Juan Bosch Biblioteca Juan Bosch Automatización y Procesos Técnicos (1er. Piso) 10/04/2023 H466b 1970 00000080317 21/01/2019 1